British Poetry and Drama (Record no. 16347)

MARC details
000 -LEADER
fixed length control field 00546nam a22002057a 4500
008 - FIXED-LENGTH DATA ELEMENTS--GENERAL INFORMATION
fixed length control field 260417b |||||||| |||| 00| 0 eng d
020 ## - INTERNATIONAL STANDARD BOOK NUMBER
International Standard Book Number 978-81-19679-59-1
Price 300
040 ## - CATALOGING SOURCE
Original Cataloguing agency Sibsagar Commerce College Central Library
041 ## - LANGUAGE CODE
Language code of text/sound track or separate title English
082 ## - DEWEY DECIMAL CLASSIFICATION NUMBER
Classification number 821
Book Number Neo
100 ## - MAIN ENTRY--PERSONAL NAME
Personal name Neog, B.
Fuller form of name Biswajit
245 ## - TITLE STATEMENT
Title British Poetry and Drama
Sub Title From 17th to 18th Century
250 ## - EDITION STATEMENT
Edition statement 2nd Revised Ed.
260 ## - PUBLICATION, DISTRIBUTION, ETC.
Place of publication, distribution, etc. Jorhat
Name of publisher, distributor, etc. Bidya Bhawan
Date of publication, distribution, etc. February 2025
300 ## - PHYSICAL DESCRIPTION
Pages 300 p. ;
Dimensions 15 x 22 cm
650 ## - Subject
Subject English
700 ## - Added Entry Personal Name
Personal Name Kashyap, Kakoli
942 ## - ADDED ENTRY ELEMENTS (KOHA)
Source of classification or shelving scheme Dewey Decimal Classification
Koha item type Books
Holdings
Withdrawn status Lost status Source of classification or shelving scheme Damaged status Not for loan Home library Current library Shelving location Date acquired Source of acquisition Cost, normal purchase price Total Checkouts Full call number Barcode Date last seen Copy number Cost, replacement price Price effective from Koha item type
    Dewey Decimal Classification     Sibsagar Commerce College Central Library Sibsagar Commerce College Central Library General Stacks 10/04/2026 Kitap Ghar 300.00   821 NEO 29177 17/04/2026 1 600.00 17/04/2026 Books
    Dewey Decimal Classification     Sibsagar Commerce College Central Library Sibsagar Commerce College Central Library General Stacks 10/04/2026 Kitap Ghar 300.00   821 NEO 29178 17/04/2026 2 600.00 17/04/2026 Books


Sibsagar Commerce College © 2020. All rights reserved.
Powered by Koha.
Hosted by LIBKART.